| 000 | 00686cam a2200205 a 4500 | ||
|---|---|---|---|
| 001 | 000007175 | ||
| 005 | 20200929154104.0 | ||
| 008 | 920206s1974 ck b 001 0 spa d | ||
| 040 |
_aDO-SdBNP _bspa _cBNPHU |
||
| 082 |
_a891.714208 _bO83a |
||
| 100 | 1 |
_aOspina, Uriel. _919924 |
|
| 245 | 1 | 0 |
_aAntología de la literatura clandestina soviética / _cUriel Ospina. |
| 260 |
_aMedellín, Colombia : _bBedout, _c[s.f.]. |
||
| 300 |
_a296 p. ; _c19 cm. |
||
| 490 | 1 |
_aBolsilibros Bedout _vv. 146 |
|
| 504 | _aIncluye referencias bibliográficas. | ||
| 650 | 4 |
_aPoesía rusa _xColecciones _919925 |
|
| 650 | 4 |
_aLiteratura rusa _xColecciones _919926 |
|
| 830 | 0 |
_aBolsilibros Bedout ; _vv. 146 _93750 |
|
| 999 |
_c6956 _d6956 |
||